Lyrics - Mystery of Love by Sufjan Stevens - Statistics

General Stats
  • This quiz has been taken 10 times
  • The average score is 149 of 202
Answer Stats
Answer % Correct
a
100%
I
100%
'm
100%
me
100%
's
100%
Blessed
90%
by
90%
it
90%
love
90%
my
90%
mystery
90%
of
90%
The
90%
the
90%
an
80%
And
80%
around
80%
cried
80%
deliver
80%
eyes
80%
first
80%
Hand
80%
is
80%
kissed
80%
no
80%
Oh
80%
oh
80%
see
80%
that
80%
time
80%
to
80%
what
80%
who
80%
without
80%
you
80%
your
80%
above
70%
awful
70%
bed
70%
breath
70%
brother
70%
built
70%
can
70%
daughter
70%
died
70%
ever
70%
From
70%
god
70%
has
70%
How
70%
in
70%
last
70%
lover
70%
noise
70%
Now
70%
on
70%
reminds
70%
River
70%
sound
70%
touched
70%
walls
70%
When
70%
White
70%
wonders
70%
Alexander
60%
believe
60%
Blackbird
60%
Cursed
60%
dried
60%
Feel
60%
feet
60%
ground
60%
head
60%
Hold
60%
make
60%
much
60%
over
60%
received
60%
Rogue
60%
shoulder
60%
sorrow
60%
take
60%
unhappiness
60%
cease
50%
difference
50%
does
50%
Fumbling
50%
Hephaestion
50%
Like
50%
like
50%
living
50%
longer
50%
Lord
50%
misery
50%
riverbed
50%
Shall
50%
sleep
50%
Til
50%
waters
50%
will
50%
within
50%
woe
50%
birthmark
40%
breathe
40%
Drowned
40%
hands
40%
other
40%
running
40%
woah
40%
find
30%
upon
30%
plover
20%
prone
20%
boudless
0%
No matching quizzes found
Score Distribution
Percent of People with Each Score
Percentile by Number Answered
Your Score History
You have not taken this quiz